| 000 | 00888nam a22002770a 4500 | ||
|---|---|---|---|
| 001 | PT21253 | ||
| 003 | AR-LpoUNG | ||
| 005 | 20210131233001.0 | ||
| 008 | 191001s2004||||ag |||||||||||||||||spa d | ||
| 020 |
_a9505819137 _c$5 |
||
| 040 |
_aAR-LpoUNG _bspa _cAR-LpoUNG _eaacr |
||
| 041 | _aspa | ||
| 044 | _aag | ||
| 082 | 0 | _aA863 28ete | |
| 100 | 1 | _aOesterheld, Héctor Germán | |
| 245 | 1 | 3 | _aEl eternauta y otros cuentos de ciencia ficción |
| 250 | _a1ra. ed., 3ra. reimpr. | ||
| 260 |
_aBuenos Aires : _bColihue, _c2004. |
||
| 300 |
_a236 p. : _bil. |
||
| 520 | _a<p>Novela argentina que relata la nevada mortal sobre Buenos Aires y la posterior invasión extraterrestre. Completan el volumen algunos de los mejores relatos del autor de ciencia ficción.</p> | ||
| 650 | 4 | _aARGENTINA | |
| 650 | 4 | _aNOVELAS | |
| 653 | _aCIENCIA FICCION | ||
| 905 | _a21253 | ||
| 942 | _cLIB | ||
| 999 |
_c18520 _d18520 |
||